: 60 عاما على ثورة 23 يوليو (رقم التسجيلة. 179744)

تفاصيل مارك
000 -LEADER
fixed length control field 02107namaa2200409 i 4500
003 - CONTROL NUMBER IDENTIFIER
control field EG-GICUC
005 - DATE AND TIME OF LATEST TRANSACTION
control field 20260504115855.0
008 - FIXED-LENGTH DATA ELEMENTS--GENERAL INFORMATION
fixed length control field 260426m2013 ua aoh|jr|||| 001 0 ara d
017 ## - COPYRIGHT OR LEGAL DEPOSIT NUMBER
Copyright or legal deposit number 2012 / 21251
Assigning agency دار الكتب والوثائق القومية (مصر)
017 ## - COPYRIGHT OR LEGAL DEPOSIT NUMBER
Copyright or legal deposit number 2013 / 15562
Assigning agency دار الكتب والوثائق القومية (مصر)
017 ## - COPYRIGHT OR LEGAL DEPOSIT NUMBER
Copyright or legal deposit number 2014 / 7622
Assigning agency دار الكتب والوثائق القومية (مصر)
020 ## - INTERNATIONAL STANDARD BOOK NUMBER
International Standard Book Number 9789772814978
020 ## - INTERNATIONAL STANDARD BOOK NUMBER
International Standard Book Number 9789772815227
020 ## - INTERNATIONAL STANDARD BOOK NUMBER
International Standard Book Number 9789772815081
040 ## - CATALOGING SOURCE
Original cataloging agency EG-GiCUC
Language of cataloging ara
Transcribing agency EG-GiCUC
Modifying agency EG-GiCUC
Description conventions rda
043 ## - GEOGRAPHIC AREA CODE
Geographic area code f-ua---
082 04 - DEWEY DECIMAL CLASSIFICATION NUMBER
Edition number 21
Classification number 923.1
Item number N254
092 04 - LOCALLY ASSIGNED DEWEY CALL NUMBER (OCLC)
Edition number 21
Classification number 923.1
Item number N254
099 ## - LOCAL FREE-TEXT CALL NUMBER (OCLC)
Classification number 923.1 N254
100 1# - MAIN ENTRY--PERSONAL NAME
Personal name جمال عبد الناصر، هدى
Relator term مؤلف.
245 1# - TITLE STATEMENT
Title : 60 عاما على ثورة 23 يوليو
Remainder of title جمال عبد الناصر : الأوراق الخاصة /
Statement of responsibility, etc. إعداد دكتورة هدى جمال عبد الناصر
250 ## - EDITION STATEMENT
Edition statement الطبعة الاولى
264 ## - PRODUCTION, PUBLICATION, DISTRIBUTION, MANUFACTURE, AND COPYRIGHT NOTICE
Place of production, publication, distribution, manufacture الجيزة (مصر) :
Name of producer, publisher, distributor, manufacturer المكتبة الأكاديمية،
Date of production, publication, distribution, manufacture, or copyright notice 2013-
300 ## - PHYSICAL DESCRIPTION
Extent مجلدات 3 :
Other physical details إيضاحيات، صور، مثيليات ؛
Dimensions 28 سم
336 ## - CONTENT TYPE
Source rdacontent
Content type term text
337 ## - MEDIA TYPE
Source rdamedia
Media type term Unmediated
338 ## - CARRIER TYPE
Source rdacarrier
Carrier type term volume
500 ## - GENERAL NOTE
General note المكتبة تقتنى المجلد الاول والمجلد الثانى والمجلد الثالث فقط
504 ## - BIBLIOGRAPHY, ETC. NOTE
Bibliography, etc. note يشتمل على ارجاعات ببليوجرافية وكشاف.
505 ## - FORMATTED CONTENTS NOTE
Formatted contents note المجلد الاول . جمال عبد الناصر طالبا وضابطا -- المجلد الثانى . الثورة فى سنواتها الاولى -- المجلد الثالث . تأميم قناة السويس والعدوان الثلاثى
541 ## - IMMEDIATE SOURCE OF ACQUISITION NOTE
Source of acquisition د. جابر عصفور ؛
Address القاهرة ؛
Method of acquisition إهداء ؛
Date of acquisition 2024.
600 14 - SUBJECT ADDED ENTRY--PERSONAL NAME
Personal name جمال عبد الناصر
Numeration President (1958-1970 : Nasser)
9 (RLIN) 10750
650 17 - SUBJECT ADDED ENTRY--TOPICAL TERM
Topical term or geographic name entry element الملوك والحكام
Source of heading or term qrmak
651 17 - SUBJECT ADDED ENTRY--GEOGRAPHIC NAME
Source of heading or term qrmak
Geographic name مصر
General subdivision تاريخ
Chronological subdivision العصر الحديث
-- جمال عبد الناصر
905 ## - Cataloger and Reviser Names
Cataloger Name Aya Mohamed
942 ## - ADDED ENTRY ELEMENTS (KOHA)
Source of classification or shelving scheme Dewey Decimal Classification
Koha item type Books
Edition 21
Suppress in OPAC No
المقتنيات
Withdrawn status Lost status Source of classification or shelving scheme Damaged status Not for loan Home library Current library Date acquired Inventory number Total checkouts Full call number Barcode Date last seen Price effective from Koha item type
    Dewey Decimal Classification   Not for loan المكتبة المركزبة الجديدة - جامعة القاهرة قاعة المكتبات المهداة - الدور الرابع 26.04.2026 175376   923.1 N254 v.1 J.U. 01000100175376001 26.04.2026 26.04.2026 Books
    Dewey Decimal Classification   Not for loan المكتبة المركزبة الجديدة - جامعة القاهرة قاعة المكتبات المهداة - الدور الرابع 26.04.2026 175376   923.1 N254 v.2 J.U. 01000100175376002 26.04.2026 26.04.2026 Books
    Dewey Decimal Classification   Not for loan المكتبة المركزبة الجديدة - جامعة القاهرة قاعة المكتبات المهداة - الدور الرابع 26.04.2026 175376   923.1 N254 v.3 J.U. 01000100175376003 26.04.2026 26.04.2026 Books
Cairo University Libraries Portal Implemented & Customized by: Eng. M. Mohamady Contacts: new-lib@cl.cu.edu.eg | cnul@cl.cu.edu.eg
CUCL logo CNUL logo
© All rights reserved — Cairo University Libraries
CUCL logo
Implemented & Customized by: Eng. M. Mohamady Contact: new-lib@cl.cu.edu.eg © All rights reserved — New Central Library
CNUL logo
Implemented & Customized by: Eng. M. Mohamady Contact: cnul@cl.cu.edu.eg © All rights reserved — Cairo National University Library